Paroles - Duo du Désespoir, Roméo et Juliette - Statistiques

Statistiques générales
  • Ce quiz a été pris 15 fois
  • Le résultat moyen est 210 sur 215
Statistiques - réponses
Paroles % Correct
!
100%
...
100%
a
100%
à
100%
accordes
100%
ce
100%
comprends
100%
déjà
100%
d'eux
100%
Dieu,
100%
Dieu
100%
donc
100%
douleur
100%
d'un
100%
durs
100%
fasse
100%
faut-il
100%
fille
100%
grâce
100%
hommes,
100%
hommes
100%
je
100%
Je
100%
Juliette
100%
la
100%
Le
100%
le
100%
les
100%
Les
100%
ma
100%
maintenant
100%
mis
100%
Montaigu
100%
mourir
100%
ne
100%
nous
100%
Oh
100%
On
100%
pleures
100%
plus
100%
Pour
100%
Pourquoi
100%
que
100%
Que
100%
qui
100%
qu'on
100%
sais-tu
100%
sait,
100%
sang
100%
sauvé,
100%
savais
100%
sœur
100%
sont
100%
sur
100%
sûrs
100%
T'a
100%
ta
100%
taire
100%
te
100%
terre
100%
toi
100%
Toi
100%
ton
100%
tu
100%
chassant
80%
choses
80%
en
80%
Et
80%
forcer
80%
jamais,
80%
pauvre
80%
perdu
80%
petit
80%
Prince,
80%
qu'elles
80%
réclamait
80%
regarder,
80%
regarder
80%
soient
80%
voudrait
80%
porte
60%
Aucun quiz correspondant
Distribution des résultats
% des personnes avec chaque résultat
Percentile par nombre de réponses
Votre historique - résultats
Vous n’avez pas pris ce quiz